Skillet - Dominion Album - All Songs - Statistics

General Stats
  • This quiz has been taken 26 times
  • The average score is 13 of 17
Answer Stats
Group # Song % Correct
Dominion 1 Surviving the Game
100%
Dominion 3 Dominion
94%
Dominion 2 Standing in the Storm
88%
Dominion 4 Valley of Death
88%
Dominion 12 White Horse
88%
Dominion: Day of Destiny 13 Crossfire
82%
Dominion 10 Forever or the End
82%
Dominion 7 Refuge
82%
Dominion 5 Beyond Incredible
76%
Dominion: Day of Destiny 14 Psycho in My Head
76%
Dominion 6 Destiny
71%
Dominion 11 Ignite
71%
Dominion: Day of Destiny 16 Unbreakable Soul
65%
Dominion 9 Destroyer
59%
Dominion 8 Shout Your Freedom
59%
Dominion: Day of Destiny 17 The Defiant
53%
Dominion: Day of Destiny 15 Finish Line (feat. Adam Gontier)
47%
No matching quizzes found
Score Distribution
Percent of People with Each Score
Percentile by Number Answered
Your Score History
You have not taken this quiz